Statistics for US Presidents Who Left Office

Click here to take the quiz!

General Stats

  • This quiz has been taken 20 times
  • The average score is 8 of 9

Answer Stats

CausePresident% Correct
ResignationRichard Nixon
100%
AssassinationAbraham Lincoln
95%
AssassinationJames A. Garfield
95%
AssassinationJohn F. Kennedy
95%
Death From Natural CausesFranklin D. Roosevelt
89%
AssassinationWilliam McKinley
89%
Death From Natural CausesWilliam Henry Harrison
74%
Death From Natural CausesWarren G. Harding
68%
Death From Natural CausesZachary Taylor
63%

Score Distribution

Percentile by Number Answered

Percent of People with Each Score

Your Score History

You have not taken this quiz